Music Quiz

Random Music or Country Quiz

Name That Country Singer Quiz Stats

 Plays Quiz Updated Nov 24, 2018

Support Sporcle.
Go Orange.
Score 0/54 Timer 08:00
4 Plays Today
Songs Artist % Correct
The Dance, The Change, Friends In Low PlacesGarth Brooks
80.5%
How Do You Like Me Now, My List,
A Little Less Talk and A lot More Action
Toby Keith
80.5%
Wasted, Before He Cheats, Last NameCarrie Underwood
77.7%
Any Man of Mine, From This Moment On,
Man! I Feel Like a Woman!
Shania Twain
77.3%
Just To See You Smile, Indian Outlaw,
My Best Friend
Tim McGraw
70.9%
Ring of Fire, I Walk The Line, A Boy Named SueJohnny Cash
70.8%
Fifteen, Love Story, Teardrops On My GuitarTaylor Swift
70.7%
There You'll Be, Breathe, I Need YouFaith Hill
68.8%
Wide Open Spaces, There's Your Trouble, SinwagonDixie Chicks
64.9%
Jolene, Two Doors Down, 9 To 5Dolly Parton
64.2%
Boot Scootin Boogie, Neon Moon, Brand New ManBrooks & Dunn
64%
Fancy, For My Broken Heart,
Is There Life Out There
Reba McEntire
63.2%
Online, Mud On The Tires, Time Well WastedBrad Paisley
62.6%
Chattahoochee, Remember When, Good TimeAlan Jackson
60.3%
Armarillo By Morning, All My Ex's Live In Texas, Blue Clear SkyGeorge Strait
59.3%
Days Go By, Making Memories Of Us, You Look Good In My ShirtKeith Urban
57.1%
Lovesick Blues, Hey Good Lookin',
Your Cheatin' Heart
Hank Williams
55.6%
This Ones For The Girls, Concrete Angel,
A Broken Wing
Martina McBride
55.3%
Forever and Ever Amen, Three Wooden Crosses, Heroes and FriendsRandy Travis
54.6%
Toes, Chicken Fried, Whatever It IsZac Brown Band
54.4%
You Save Me, Freedom, In A Small TownKenny Chesney
52.2%
Big Green Tractor, Amarillo Sky, WhyJason Aldean
51.5%
Family Tradition, Country Boy Can Survive,
All My Rowdy Friends Are Coming Over Tonight
Hank Williams Jr.
51.1%
Stardust, Pancho And Lefty, On The Road AgainWillie Nelson
48.8%
Don't Come Home A' Drinkin, Fist City,
Coal Miners Daughter
Loretta Lynn
46.6%
I Pray, Tell Her, AmazedLonestar
46.5%
Lady, The Gambler, LucilleKenny Rogers
46.2%
Songs Artist % Correct
Born Country, Feels So Right, Mountain MusicAlabama
44.6%
Stay, All I Want To Do, JoeySugarland
42.9%
Feel That Fire, Sideways, Come A Little CloserDierks Bentley
41.6%
Hot Mama, Swing, You're Gonna Miss ThisTrace Adkins
40.2%
I Fall To Pieces, Crazy, Walking After MidnightPatsy Cline
39.7%
Long Gone, I Run To You, Slow Down SisterLady Antebellum
37.7%
Alright, It Won't Be Like This For Long,
Don't Think I Don't Think About It
Darius Rucker
36.7%
He Stopped Loving Her Today, Rockin' Chair, White LightningGeorge Jones
36.1%
Do I, We Rode In Trucks, All My Friends SayLuke Bryan
33.5%
Stand By Your Man, Take Me To Your World, D-I-V-O-R-C-ETammy Wynette
30.8%
I Hope You Dance, A Little Past Little Rock,
Ashes By Now
Lee Ann Womack
29.3%
What Do Ya Think About That, Roll With Me, Some People ChangeMontgomery Gentry
27.4%
Blame Me, If You Like That,
International Harvester
Craig Morgan
27%
Hello Darlin, Dont Cry Joni,
After The Fire Is Gone
Conway Twitty
26.3%
Good Ole' Boys, I'm A Ramblin Man,
I've Always Been Crazy
Waylon Jennings
25.2%
Best Of Intentions, Homesick,
Where Corn Don't Grow
Travis Tritt
24%
Mama Tried, Bar Room Buddies, Movin' OnMerle Haggard
22.2%
These Boots, Lightning, Guys Like MeEric Church
21.4%
Just Another Day In Paradise, Bobbi With An 'I', Love Is A Beautiful ThingPhil Vassar
18.6%
Startin With Me, Yee Haw,
Don't Think I Can't Love You
Jake Owen
18.2%
If I Was Your Man, All Over Me, Same Old SongBlake Shelton
17.3%
Alyssa Lies, Livin' Our Love Song,
Where Im From
Jason Michael Carroll
16.5%
Amazing Love, Kiss An Angel Good Mornin',
Is Anybody Goin To San Antone
Charley Pride
15.5%
Do You Believe Me Now, I Will,
Love You This Much
Jimmy Wayne
12.1%
Trambone, There'll Be Some Changes Made, Poor Boy BluesChet Atkins
12%
Innocence, Outside My Window, CowboysSarah Buxton
4.7%
Rank Strangers, How Mountain Girls Can Love,
I'm A Man of Constant Sorrow
The Stanley Brothers
1.9%

You're not logged in!

Compare scores with friends on all Sporcle quizzes.
OR
Log In

From the Vault

Counting Literature Characters

by BillyJoelRulez

Here's a hint: the Grinch wasn't a part of the 'Twilight' love triangle.
Remove Ads.
Support Sporcle.
Get the best of Sporcle when you Go Orange. This ad-free experience offers more features, more stats, and more fun while also helping to support Sporcle. Thank you for becoming a member.

Show Comments

Extras

Top Quizzes Today


Score Distribution

Your Account Isn't Verified!

In order to create a playlist on Sporcle, you need to verify the email address you used during registration. Go to your Sporcle Settings to finish the process.

Report this User

Report this user for behavior that violates our Community Guidelines.

Details: